[Event "DSOL 03 Liga Gr-B 1st"]
[Site "Playchess.com INT"]
[Date "2020.06.22"]
[Round "1.4"]
[White "Werner, Rene"]
[Black "Hilpert, Falk"]
[Result "1-0"]
[WhiteElo "1814"]
[BlackElo "1000"]
[PlyCount "23"]
[EventDate "2020.06.22"]
[EventType "team-tourn (rapid)"]
[EventCountry "GER"]
[SourceTitle "EXT 2021"]
[Source "ChessBase"]
[SourceDate "2020.10.23"]
[SourceVersion "1"]
[SourceVersionDate "2020.10.23"]
[SourceQuality "1"]
[WhiteTeam "Kiel SG"]
[BlackTeam "Graefelfing"]
[WhiteTeamCountry "GER"]
[BlackTeamCountry "GER"]

1. c4 e5 2. g3 Bc5 3. Bg2 Nf6 4. Nc3 0-0 5. e3 d6 6. Nge2 Bf5 7. Bxb7 Nbd7 8. 0-0 Rb8 9. Bg2 Nb6 10. d3 d5 11. cxd5 Nbxd5 12. Nxd5 1-0